000 00570nam a2200181 a 4500
005 20140310183603.0
008 120823s19uu xx 00 eng d
020 _a9789719376828
050 _aHF 5721
_b.En61 2010
245 _aEntrepreneurs' guide to business memos and correspondence /
260 _aManila, Philippines :
_bCenter for Small Enterpreneurs, Inc,
_c2010.
300 _a304 p. :
_bill. ;
_c24 cm.
521 _aBSBA
650 _aBusiness correspondence
650 _aCommercial correspondence
_xGuidebooks
942 _cBK
_2lcc
_kLOC
999 _c25122
_d25122